Skoki Narciarskie - Medaliści IO z Japonii - Statystyki

Ogólne statystyki
  • Ten quiz został rozwiązany 74 razy
  • Średni wynik to 4 z 6
Statystyki odpowiedzi
Z S B Skoczek % Poprawnych
1x 1x 1x Ryoyu Kobayashi
98%
- 1x 1x Noriaki Kasai
92%
- 1x 2x Ren Nikaido
89%
- - 1x Daiki Ito
58%
- - 1x Taku Takeuchi
45%
- - 1x Reruhi Shimizu
22%
Nie znaleziono quizów pasujących do podanych kryteriów
Rozkład punktacji
Procent ludzi z każdym wynikiem
Percentyl według liczby udzielonych odpowiedzi
Twoja historia wyników
Nie rozwiązałeś tego quizu